Dolce amaro /

Uloženo v:
Podrobná bibliografie
Hlavní autoři: Orbach, Susie (Autor), Eichenbaum, Luise (Autor)
Další autoři: Scagliotti, Cristina
Médium: Kniha
Jazyk:italština
Vydáno: [Milano] : Frassinelli, 1989
Témata:
Tagy: Přidat tag
Žádné tagy, Buďte první, kdo vytvoří štítek k tomuto záznamu!

MARC

LEADER 00000nam a22000007i 4500
001 IT\ICCU\TO0\0566170
003 ItRI
005 20260115231926.0
008 970529s1989 it |||||| ||||| |||||c
020 |a 8876841245 
040 |b ita  |c importazione bologna sebina 
041 7 |a ita  |2 ISO-639-2 
100 1 |a Orbach, Susie  |0 IT\ICCU\SBLV\180813  |4 aut 
240 1 0 |a Bittersweet. -  |3 IT\ICCU\UM1\0151513  |9 Orbach, Susie 
245 1 0 |a Dolce amaro /  |c Susie Orbach, Luise Eichenbaum ; traduzione di Cristina Scagliotti. 
260 |a [Milano] :  |b Frassinelli,  |c 1989 
300 |a IX, 229 p. :  |b 21 cm. 
650 7 |a Amicizia  |x Aspetti psicologici  |2 scbi 
700 1 |a Eichenbaum, Luise  |0 IT\ICCU\TO0V\259300  |4 aut 
700 1 |a Scagliotti, Cristina  |0 IT\ICCU\RAVV\079759 
942 |2 ddc  |c BK  |n 0 
952 |0 0  |1 0  |4 0  |6 DOC_155_633000000000000_ORB  |7 0  |9 16726  |a BO  |b BO  |d 2026-01-15  |i 2154  |l 0  |o DOC 155.633 ORB  |p BO2154  |r 2026-01-15 23:19:26  |w 2026-01-15  |x [Sebina 5] [1 v.]  |y BK  |z 1 v. 
999 |c 14296  |d 14296